000 00728nam a22002417a 4500
005 20170124105911.0
010 _aA-573562
020 _c00.00
_a8171004334
035 _aA-573562
037 _bCen Lib/Ret
040 _aDPL
_bEN
082 _a340.59
_bQUR
100 _aQureshi, M.A.
_915216
245 _aMuslim law of marriage divorse and maintenance /
_cby M. A. Qureshi
260 _aNew Delhi
_bDeep & Deep publications
_c1992
270 _aF-159, Rajouri Garden
_bNew Delhi
300 _a455p.
_c20cm(Hb)
500 _aIncludes bibliography and index
650 _aLaw
_9104
650 _aMuslim marriage and divorce
_xLaw
_9107305
650 _v
_9107306
942 _2ddc
_cEN
_h340.59
_mQUR
999 _c122493
_d122493